"CAT" in which Language? - Statistics

General Stats
  • This quiz has been taken 192 times
    156 since last reset
  • The average score is 6 of 16
Answer Stats
CAT Language % Correct
Chat French
91%
Gato Spanish
90%
Kot Polish
67%
Mačka Slovak / Croatian / Serbian
59%
Kedi Turkish
58%
Kissa Finnish
49%
Kass Estonian
36%
Katé Lithuanian
28%
Feles Latin
27%
Kaķis Latvian
26%
Gat Catalan
17%
Pişik Azerbaijani
12%
Mushuk Uzbek
8%
Katu Basque
6%
Popoki Hawaiian
0%
Katse Sesotho
0%
No matching quizzes found
Score Distribution
Percent of People with Each Score
Percentile by Number Answered
Your Score History
You have not taken this quiz since the last reset